Statistics for Hottest World Capitals by Monthly Temperature

Click here to take the quiz!

General Stats

  • This quiz has been taken 151 times
  • The average score is 11 of 18

Answer Stats

°CCapital% Correct
35.1Riyadh
90%
34.7Doha
83%
34.8Baghdad
82%
33.5New Delhi
82%
37.7Kuwait City
77%
36.1Abu Dhabi
75%
35.2Muscat
75%
34.5Khartoum
69%
34.2Manama
67%
31.2Islamabad
65%
33.8N'Djamena
56%
34.0Niamey
52%
31.6Bamako
51%
31.2Abuja
46%
36.4Djibouti
40%
32.6Ouagadougou
39%
31.0Naypyidaw
20%
30.9Ashgabat
19%

Score Distribution

Percentile by Number Answered

Percent of People with Each Score

Your Score History

You have not taken this quiz